| 000 | 00424nam a2200169Ia 4500 | ||
|---|---|---|---|
| 003 | GCL | ||
| 040 |
_aGCL / _cGCL |
||
| 082 | 0 | 4 |
_aCH. _b833.087 _bB W |
| 100 | 1 | _aBIELENBERG. IRMA | |
| 245 | 1 | 0 |
_aWEIHNACHTEN IM WALDE / _cBIELENBERG. IRMA |
| 700 | 1 | _aMAYRL, WILLY | |
| 260 |
_a[S.N] : _bPESTALOZZI- VERLAG ، _c1971 |
||
| 650 | 0 | 4 | _aSTUDY AND TEACHING |
| 650 | 0 | 4 | _aGERMAN LANGUAGE |
| 650 | 0 | 4 | _aCHILDREN |
| 942 |
_2ddc _cBK |
||
| 999 |
_c18063 _d18063 |
||